000 00327 a2200157 4500
001 191198
020 _a
040 _cMagnum
100 _aGarcia, Maria da Conceição Torres
240 1 0 _aLuz na noite
_lpor
245 1 0 _aLuz na noite
300 _a23
362 0 _a1991
697 _aLITERATURA INFANTIL
942 _cBK
999 _c191198
_d191198